| 000 | 01074nam a22002777a 4500 | ||
|---|---|---|---|
| 005 | 20101206113148.0 | ||
| 008 | 101206t xxu||||| |||| 00| 0 hin d | ||
| 010 | _aHIN-93216 | ||
| 020 |
_c395.00 _a818845706x |
||
| 035 | _aHN-65562 | ||
| 037 | _bDBAD/PUB | ||
| 040 |
_aDPL _bHN |
||
| 082 | _a425 | ||
| 100 |
_924598 _aरमेश चन्द्र |
||
| 245 |
_aहिंदी युग-युग की भाषा / _cरमेश चन्द्र |
||
| 246 |
_aHindi Yug ki Bhasha _bby Ramesh Chandra |
||
| 260 |
_aनई दिल्ली _bकल्याणी शिक्षा परिषद _c2011 |
||
| 270 |
_bनई दिल्ली _a3320-21, जटवाड़ा, दरियागंज, _e110002 |
||
| 300 |
_a256पृ. _c22सेमी (सजिल्द) |
||
| 650 | _91169 | ||
| 650 | _929580 | ||
| 700 | _924599 | ||
| 700 | _924924 | ||
| 942 |
_2ddc _cHN _mरमेश _h425 |
||
| 999 |
_c53920 _d53920 |
||